| 000 | 01055cam a22002893a 4500 | ||
|---|---|---|---|
| 001 | 2758 | ||
| 005 | 20240112120844.0 | ||
| 020 |
_a0439405602 : _c$4.99 |
||
| 040 |
_aDAJ _cDAJ _dLEO _dOCLCQ _dDLC _beng |
||
| 050 | 0 | 0 | _aPZ7.L3274 |
| 082 | _a813.54 | ||
| 100 | 1 | _aLasky, Kathryn | |
| 245 | 1 | 4 |
_aThe siege / _cby Kathryn Lasky |
| 250 | _aFirst printing, May 2004 | ||
| 260 |
_aNew York : _bScholastic, _c2004 |
||
| 300 |
_a203 pages : _billustrations ; map ; _c20 cm |
||
| 490 | 0 |
_aGuardians of Ga'Hoole ; _vBook 4 |
|
| 505 | _aQ | ||
| 520 | _a"Enraged by his clash with Soren and driven by and all-consuming desire for power, Kludd and his group, the Pure Ones, launch an attack upon the Great Ga'Hoole Tree. The noble owls who live there must fight fiercely to protect their resources and defend their honor."--P. 4 cover. | ||
| 521 |
_a840 _bLexile |
||
| 521 |
_aQ _bRaz-Plus |
||
| 650 | 0 |
_aOwls _vFiction. |
|
| 650 | 0 | _aFantasy. | |
| 655 | 7 |
_aFantasy fiction. _2gsafd |
|
| 906 |
_a7 _bcbc _ccopycat _d2 _encip _f20 _gy-genrareb |
||
| 942 |
_2ddc _cBK _n0 |
||
| 999 |
_c2758 _d2758 |
||